Market leader : (Record no. 2429)
[ view plain ]
| 000 -LEADER | |
|---|---|
| fixed length control field | 00791nam a2200229 ar4500 |
| 001 - CONTROL NUMBER | |
| control field | 2431 |
| 005 - DATE AND TIME OF LATEST TRANSACTION | |
| control field | 20221127090434.0 |
| 008 - FIXED-LENGTH DATA ELEMENTS--GENERAL INFORMATION | |
| fixed length control field | 110130s xxka 00010|eng d |
| 020 ## - INTERNATIONAL STANDARD BOOK NUMBER | |
| International Standard Book Number | 9781405881371 : : |
| Terms of availability | SR136.00 |
| 082 04 - DEWEY DECIMAL CLASSIFICATION NUMBER | |
| Classification number | 428.2402465 |
| Item number | C829 2007 |
| 100 1# - MAIN ENTRY--PERSONAL NAME | |
| Personal name | Cotton, David. |
| 245 10 - TITLE STATEMENT | |
| Title | Market leader : |
| Remainder of title | pre-intermediate business English course book / |
| Statement of responsibility, etc. | David Cotton, D. Falvey, Simon Kent. |
| 250 ## - EDITION STATEMENT | |
| Edition statement | New ed. |
| 260 ## - PUBLICATION, DISTRIBUTION, ETC. | |
| Place of publication, distribution, etc. | Harlow, England : |
| Name of publisher, distributor, etc. | Pearson/Financial Times, |
| Date of publication, distribution, etc. | 2007. |
| 300 ## - PHYSICAL DESCRIPTION | |
| Extent | 160p. : |
| Other physical details | ill. ; |
| Dimensions | 30 cm. |
| Accompanying material | 2 CDs. |
| 500 ## - GENERAL NOTE | |
| General note | Prev. ed. : 2002. |
| 650 #4 - SUBJECT ADDED ENTRY--TOPICAL TERM | |
| Topical term or geographic name entry element | English language |
| General subdivision | Business English. |
| 650 #4 - SUBJECT ADDED ENTRY--TOPICAL TERM | |
| Topical term or geographic name entry element | English language |
| General subdivision | Study and teaching. |
| 650 #4 - SUBJECT ADDED ENTRY--TOPICAL TERM | |
| Topical term or geographic name entry element | English language |
| Form subdivision | Textbooks. |
| 700 0# - ADDED ENTRY--PERSONAL NAME | |
| Personal name | Falvey, David, |
| Relator term | jt. auth. |
| 700 0# - ADDED ENTRY--PERSONAL NAME | |
| Personal name | Kent, Simon, |
| Relator term | jt. auth. |
| Withdrawn status | Lost status | Source of classification or shelving scheme | Damaged status | Not for loan | Home library | Current library | Date acquired | Total Checkouts | Full call number | Barcode | Date last seen | Copy number | Price effective from | Koha item type |
|---|---|---|---|---|---|---|---|---|---|---|---|---|---|---|
| 11/27/2022 | 428.2402465 C829 2007 | 1000000009614 | 11/27/2022 | C1 | 11/27/2022 | Book | ||||||||
| 11/27/2022 | 428.2402465 C829 2007 | 1000000009524 | 11/27/2022 | C2 | 11/27/2022 | CD | ||||||||
| 11/27/2022 | 428.2402465 C829 2007 | 1000000009523 | 11/27/2022 | C3 | 11/27/2022 | CD |
